Cuentos cubanos del siglo XX.
Guardado en:
| Formato: | Desconocido |
|---|---|
| Lenguaje: | Spanish |
| Publicado: |
La Habana, Cuba :
Editorial Pueblo y Educación,
1990.
|
| Materias: | |
| Etiquetas: |
Agregar Etiqueta
Sin Etiquetas, Sea el primero en etiquetar este registro!
|
MARC
| LEADER | 000000000a22000000004500 | ||
|---|---|---|---|
| 001 | 001828 | ||
| 041 | 0 | |a spa | |
| 082 | 0 | 4 | |a Cu863.08 |b C965c |
| 245 | 0 | 0 | |a Cuentos cubanos del siglo XX. |
| 260 | 1 | |a La Habana, Cuba : |b Editorial Pueblo y Educación, |c 1990. | |
| 300 | |a 107 páginas | ||
| 650 | 4 | |a LITERATURA CUBANA | |
| 650 | 4 | |a NOVELA | |
| 650 | 4 | |a COLECCIONES | |
| 650 | 4 | |a SIGLO XX | |
| 650 | 4 | |a HISTORIA Y CRITICA | |
| 999 | |c 8488 |d 8488 | ||
| 942 | |c BK |h Cu863.08 C965c |2 z | ||
